000 00533nam a2200157 a 4500
001 000028519
005 20200930055004.0
008 110408s1997 dr a 000 0 spa d
040 _aDO-SdBNP
_bspa
_cBNPHU
082 _axxxx
_bH565a
100 1 _aHerrera, Milcíades
_926821
245 1 0 _aApuntes históricos del XXV aniversario de la asociación de comerciantes mayoristas de Higuey /
_cMilcíades Herrera.
260 _aHiguey, República Dominicana :
_bImpresora Rijo,
_c1997.
300 _a44 p. :
_bil. ;
_c21 cm.
049 _aBNPD
999 _c28011
_d28011